Statistiken für KFZ-Kennzeichen Saarland ALLE

Klicken Sie hier um das Quiz zu spielen!

Allgemein

  • Dieses Quiz wurde 123 mal gespielt
    (70 seit der letzten Aktualisierung)
  • Das Durchschnittsergebnis liegt bei 9 aus 9

Antwortstatistiken

AbkürungStadt oder Landkreis% Korrekt
HOMHomburg
100%
SBSaarbrücken
100%
NKNeunkirchen
98%
SLSSaarlouis
98%
MZGMerzig
96%
IGBSt. Ingbert
93%
VKVölklingen
91%
OTWOttweiler
87%
WNDSt. Wendel
87%

Verteilung der Resultate

Perzentil nach korrekt beantworteten Fragen

Anzahl Personen mit jedem Resultat

Ihre Resultats-Entwicklung

Sie haben dieses Quiz seit der letzten Aktualisierung nicht gespielt